|
|
|
|
| LEADER |
00000nab a2200000 a 4500 |
| 001 |
vtls000486450 |
| 003 |
SK-MaSNL |
| 005 |
20260303210800.0 |
| 008 |
230629c1993 xo 0 slo |
| 015 |
|
|
|a SNBRB19rr/mm-uuuuu
|
| 035 |
|
|
|a CL0486587
|
| 035 |
|
|
|a urn:nbn:sk:snk-abdomk
|
| 035 |
|
|
|a (urnnbn)urn:nbn:sk:snk:ar-0013fa
|
| 035 |
|
|
|a (uuid)cdda4958-270f-4e34-879f-a15552f1f37b
|
| 040 |
|
|
|a SNKBUCL
|b slo
|c SNKBUCL
|e AACR2
|
| 041 |
0 |
|
|a slo
|
| 044 |
|
|
|a xo
|c SK
|
| 080 |
|
|
|a 792.071.2
|2 1981
|
| 080 |
|
|
|a 791.44.071.2
|2 1981
|
| 080 |
|
|
|a 929 Adamčík, Samuel
|2 1981
|
| 080 |
|
|
|a 929 Adamčíková, Oľga
|2 1981
|
| 100 |
1 |
|
|a Sarvaš, Juraj,
|d 1931-2023
|4 aut
|9 226156
|
| 245 |
1 |
0 |
|a Adamčíkovci
|c Juraj Sarvaš
|
| 300 |
|
|
|b Obr. 1
|
| 600 |
1 |
7 |
|a Adamčík, Samuel,
|d 1904-1984
|2 snkbucl
|9 5759
|
| 600 |
1 |
7 |
|a Adamčíková, Oľga,
|d 1903-1992
|2 snkbucl
|9 6014
|
| 655 |
|
7 |
|a články z novín a časopisov
|2 snkbucl
|9 267496
|
| 773 |
0 |
|
|t Javisko
|g Roč. 25, č. 6 (1993), s. 46
|
| 850 |
|
|
|a Slovenská národná knižnica v Martine
|a MTA001
|
| 852 |
|
|
|a SNK
|b KIS3GCP
|
| 954 |
|
|
|a odborná, vedecká literatúra pôvodná (slovenská)
|2 lita
|
| 958 |
|
|
|a OND
|
| 958 |
|
|
|a BX
|
| 958 |
|
|
|a RK
|
| 958 |
|
|
|a EUIPO
|
| 958 |
|
|
|a article19
|
| 992 |
|
|
|a RBX
|
| 999 |
|
|
|c 2201656
|d 2203586
|